[Event "33rd ECCC Open 2017"]
[Site "Antalya"]
[Date "2017.10.09"]
[Round "2"]
[White "Vea, Odin Blikra"]
[Black "Ruane, Ciaran"]
[Result "1-0"]
[WhiteElo "2211"]
[BlackElo "1946"]
[Annotator "NA"]
[PlyCount "63"]
[EventType "team-tourn"]
[EventCountry "TUR"]
[SourceTitle "playchess.com"]
[Source "ChessBase"]
[SourceQuality "1"]
[WhiteTeam "Valerenga"]
[BlackTeam "Benildus"]
[TimeControl "40/5400+30:1800+30"]

1. e4 {[%emt 0:00:30]} e6 {[%emt 0:01:00]} 2. d4 {[%emt 0:00:30]} d5 {[%emt 0:00:30]} 3. Nd2 {[%emt 0:00:30]} Nf6 {[%emt 0:00:30]} 4. e5 {[%emt 0:00:30]} Nfd7 {[%emt 0:00:30]} 5. Bd3 {[%emt 0:00:30]} c5 {[%emt 0:00:30]} 6. c3 {[%emt 0:00:30]} Nc6 {[%emt 0:00:00]} 7. Ne2 {[%emt 0:00:00]} f6 {[%emt 0:00:00]} 8. exf6 {[%emt 0:00:00]} Nxf6 {[%emt 0:00:00]} 9. O-O {[%emt 0:00:00]} cxd4 {[%emt 0:00:00]} 10. cxd4 {[%emt 0:00:00]} Bd6 {[%emt 0:00:00]} 11. Nf3 {[%emt 0:00:00]} O-O {[%emt 0:00:00]} 12. Bf4 {[%emt 0:00:00]} Bxf4 {[%emt 0:00:00]} 13. Nxf4 {[%emt 0:00:00]} Ne4 {[%emt 0:00:00]} 14. Nh5 {[%emt 0:00:00]} g6 {[%emt 0:00:30]} 15. Ng3 {[%emt 0:00:00]} Nxg3 {[%emt 0:00:30]} 16. hxg3 {[%emt 0:00:00]} Qb6 {[%emt 0:03:30]} 17. Qd2 {[%emt 0:05:30] C06: French Tarrasch: 3...Nf6 4 e5 Nfd7 5 Bd3 main lines} (17. Qb1 Rf6 18. g4 Nxd4 19. Ne5 Qc7 20. g5 Rf4 21. Re1 Nc6 22. Qc1 Rd4 23. Qc2 Qe7 24. Nxc6 bxc6 25. Qxc6 {½-½ (76) Petrov,M (2450)-Danov,L (2326) Sofia 2016}) 17... Nxd4 $146 {[%emt 0:42:30]} ({Predecessor:} 17... Bd7 18. Qh6 Rf7 19. g4 Raf8 20. Rae1 Nb4 21. Bb1 Bb5 22. Ng5 Qxd4 23. Nxf7 Bxf1 24. Bxg6 hxg6 25. Rxe6 Bd3 26. Ne5 Qxf2+ 27. Kh2 Qf4+ 28. Qxf4 Rxf4 29. a3 Nc6 30. Nxd3 Rxg4 31. Nc5 {½-½ (31) Hitzgerova,G (2174)-Milligan,H (2125) Hammershoj 2000}) 18. Ne5 {[%emt 0:03:30]} Nf5 {[%emt 0:05:30]} 19. g4 {[%emt 0:02:30]} (19. Qg5 $11) 19... Ne7 {[%emt 0:02:30]} 20. Qg5 {[%emt 0:07:30]} Qd8 $14 {[%emt 0:08:30]} ({Aber nicht} 20... Qxb2 $2 21. Rae1 $18) 21. Qh6 {[%emt 0:01:30]} Qc7 {[%emt 0:14:30]} 22. Rfe1 {[%emt 0:05:30]} Nc6 {[%emt 0:04:18]} 23. Rac1 {[%emt 0:02:30]} Qg7 {[%emt 0:02:06]} 24. Qxg7+ {[%emt 0:10:30]} Kxg7 {[%emt 0:00:30]} 25. Nxc6 {[%emt 0:00:30]} bxc6 {[%emt 0:00:30]} 26. Rxc6 {[%emt 0:00:30]} Re8 {[%emt 0:03:26]} 27. Rc7+ {[%emt 0:00:30]} Kg8 {[%emt 0:00:00]} 28. f4 {[%emt 0:00:30]} e5 {[%emt 0:02:02]} 29. Bb5 {[%emt 0:03:30]} Re6 {[%emt 0:03:23]} 30. fxe5 {[%emt 0:01:30]} Rb6 {[%emt 0:00:30]} 31. Bc6 {[%emt 0:00:30]} Rab8 {[%emt 0:00:06]} 32. e6 {[%emt 0:00:30]} 1-0

[Event "33rd ECCC Open 2017"]
[Site "Antalya"]
[Date "2017.10.09"]
[Round "2"]
[White "Seresin, Francesco"]
[Black "Aleksic, Nenad C"]
[Result "1/2-1/2"]
[WhiteElo "2195"]
[BlackElo "2261"]
[Annotator "NA"]
[PlyCount "90"]
[EventType "team-tourn"]
[EventCountry "TUR"]
[SourceTitle "playchess.com"]
[Source "ChessBase"]
[SourceQuality "1"]
[WhiteTeam "Augusta Perusia"]
[BlackTeam "Elektroprivreda"]
[TimeControl "40/5400+30:1800+30"]

1. d4 {[%emt 0:00:30]} Nf6 {[%emt 0:01:00]} 2. c4 {[%emt 0:00:30]} e6 {[%emt 0:00:30]} 3. Nc3 {[%emt 0:01:30]} d5 {[%emt 0:00:30]} 4. cxd5 {[%emt 0:00:30]} exd5 {[%emt 0:00:30]} 5. Bg5 {[%emt 0:00:30]} Be7 {[%emt 0:01:30]} 6. e3 {[%emt 0:00:30]} O-O {[%emt 0:01:30]} 7. Bd3 {[%emt 0:00:30]} c6 {[%emt 0:01:30]} 8. Qc2 {[%emt 0:01:30]} Nbd7 {[%emt 0:01:30]} 9. Nf3 {[%emt 0:00:30]} Re8 {[%emt 0:00:00]} 10. O-O {[%emt 0:00:30]} Nf8 {[%emt 0:00:00]} 11. Rab1 {[%emt 0:01:30]} a5 {[%emt 0:00:30]} 12. Rbe1 {[%emt 0:06:30] D36: Queen's Gambit Declined: Exchange Variation: Main line (5 Bg5 c6 6 Qc2)} g6 {[%emt 0:04:30]} 13. Ne5 {[%emt 0:05:30]} Ne6 {[%emt 0:02:30]} 14. Bh4 {[%emt 0:01:30]} Ng7 {[%emt 0:00:00] [#]} 15. f4 $146 {[%emt 0:10:30]} ({Predecessor:} 15. Qb3 Qc7 16. Rc1 Qd6 17. Na4 Qb4 18. Nb6 Qxb3 19. axb3 Ra7 {1-0 (35) Dreev,A (2643)-Golubov,S (2362) Jerusalem 2015}) 15... Bf5 {[%emt 0:01:00]} 16. Kh1 {[%emt 0:08:30]} Bxd3 {[%emt 0:02:30]} 17. Qxd3 {[%emt 0:01:30]} Nf5 {[%emt 0:00:30]} 18. Bxf6 {[%emt 0:02:30]} Bxf6 {[%emt 0:00:30]} 19. g4 {[%emt 0:00:30]} Nd6 {[%emt 0:00:30]} 20. Rf3 {[%emt 0:10:30]} Bg7 {[%emt 0:00:30]} 21. g5 {[%emt 0:06:30]} Nf5 {[%emt 0:07:30]} 22. Ne2 $11 {[%emt 0:04:30]} Qc8 {[%emt 0:08:30]} 23. Ng3 {[%emt 0:02:30]} Nh4 {[%emt 0:02:30]} 24. Rf2 {[%emt 0:00:30]} Qh3 {[%emt 0:06:30]} 25. Qf1 {[%emt 0:01:30]} Qxf1+ {[%emt 0:03:30]} 26. Rexf1 {[%emt 0:04:30]} f6 {[%emt 0:02:30]} 27. gxf6 {[%emt 0:02:30]} Bxf6 {[%emt 0:00:30]} 28. Ng4 {[%emt 0:05:30]} Bg7 {[%emt 0:00:30]} 29. f5 {[%emt 0:00:30]} Nxf5 {[%emt 0:02:30]} 30. Nxf5 {[%emt 0:01:23]} gxf5 {[%emt 0:00:30]} 31. Rxf5 {[%emt 0:00:00]} Rf8 {[%emt 0:04:30]} 32. Kg2 {[%emt 0:02:29]} Rxf5 {[%emt 0:00:30]} 33. Rxf5 {[%emt 0:00:09]} Ra6 {[%emt 0:02:30]} 34. Nf2 {[%emt 0:06:08]} Ra8 {[%emt 0:00:30]} 35. Kf3 {[%emt 0:02:03]} Re8 {[%emt 0:04:30]} 36. h4 {[%emt 0:02:21]} Rf8 {[%emt 0:01:30]} 37. Rxf8+ {[%emt 0:03:14]} Kxf8 {[%emt 0:00:30]} 38. Nd3 {[%emt 0:03:25]} Ke7 {[%emt 0:04:30]} 39. Nf4 {[%emt 0:02:32]} Kd6 {[%emt 0:02:30]} 40. Ke2 {[%emt 0:00:00]} Bh6 {[%emt 0:03:30]} 41. Nh5 {[%emt 0:07:16]} Ke6 {[%emt 0:00:30]} 42. Kf3 {[%emt 0:00:30]} Kf5 {[%emt 0:00:30]} 43. Ng3+ {[%emt 0:01:30]} Ke6 {[%emt 0:00:30]} 44. e4 {[%emt 0:00:30]} Bg7 {[%emt 0:00:30]} 45. Ne2 {[%emt 0:00:30]} Bh6 {[%emt 0:13:30]} 1/2-1/2

[Event "33rd ECCC Open 2017"]
[Site "Antalya"]
[Date "2017.10.09"]
[Round "2"]
[White "Upton, Timothy J"]
[Black "Fox, Anthony"]
[Result "0-1"]
[WhiteElo "2164"]
[BlackElo "2016"]
[Annotator "NA"]
[PlyCount "79"]
[EventType "team-tourn"]
[EventCountry "TUR"]
[SourceTitle "playchess.com"]
[Source "ChessBase"]
[SourceQuality "1"]
[WhiteTeam "Bonnevoie"]
[BlackTeam "Adare"]
[TimeControl "40/5400+30:1800+30"]

1. e4 {[%emt 0:00:30]} e5 {[%emt 0:02:00]} 2. Nf3 {[%emt 0:00:30]} Nc6 {[%emt 0:00:00]} 3. c3 {[%emt 0:00:00]} d5 {[%emt 0:00:00]} 4. Qa4 {[%emt 0:00:00]} f6 {[%emt 0:00:30]} 5. Bb5 {[%emt 0:03:30]} Nge7 {[%emt 0:00:30]} 6. exd5 {[%emt 0:01:30]} Qxd5 {[%emt 0:00:30]} 7. O-O {[%emt 0:00:30]} Bd7 {[%emt 0:06:30]} 8. d4 {[%emt 0:00:30]} exd4 {[%emt 0:04:30]} 9. cxd4 {[%emt 0:00:30]} Ne5 {[%emt 0:03:30]} 10. Bxd7+ {[%emt 0:03:30]} Qxd7 {[%emt 0:01:30]} 11. Qxd7+ {[%emt 0:21:30]} Nxd7 {[%emt 0:00:30]} 12. Nc3 {[%emt 0:05:30]} O-O-O {[%emt 0:05:30]} 13. Bf4 {[%emt 0:24:30]} Nb6 {[%emt 0:03:30]} 14. Ne4 {[%emt 0:01:30]} Nbd5 {[%emt 0:05:30]} 15. Bd2 {[%emt 0:03:30]} Ng6 {[%emt 0:10:30]} 16. a3 {[%emt 0:02:30]} Bd6 {[%emt 0:03:30]} 17. g3 {[%emt 0:00:30]} Rhe8 {[%emt 0:01:30]} 18. Rfe1 {[%emt 0:00:30]} Bf8 {[%emt 0:01:30]} 19. h4 {[%emt 0:03:30]} h5 {[%emt 0:04:30]} 20. Rac1 {[%emt 0:03:30]} Re6 {[%emt 0:05:30]} 21. Nc5 {[%emt 0:01:30]} Rxe1+ {[%emt 0:02:30]} 22. Rxe1 {[%emt 0:00:30]} Bxc5 {[%emt 0:07:30]} 23. dxc5 {[%emt 0:00:30]} Nde7 {[%emt 0:01:30]} 24. Kf1 {[%emt 0:04:46]} Rd5 {[%emt 0:02:30]} 25. b4 {[%emt 0:02:46]} Kd7 {[%emt 0:01:30]} 26. Re4 {[%emt 0:04:35]} Nf5 {[%emt 0:04:30]} 27. Ke2 {[%emt 0:01:11]} b6 {[%emt 0:03:23]} 28. cxb6 {[%emt 0:00:49]} cxb6 {[%emt 0:01:11]} 29. a4 {[%emt 0:02:33]} a6 {[%emt 0:00:50]} 30. Be3 {[%emt 0:00:58]} Nxe3 {[%emt 0:01:30]} 31. Kxe3 {[%emt 0:00:09]} Ne7 {[%emt 0:04:52]} 32. Nd4 {[%emt 0:01:00]} Re5 {[%emt 0:07:49]} 33. Rxe5 {[%emt 0:01:45]} fxe5 {[%emt 0:00:30]} 34. Nf3 {[%emt 0:00:00]} Nd5+ {[%emt 0:00:43]} 35. Ke4 {[%emt 0:00:01]} Nxb4 {[%emt 0:02:04]} 36. Nxe5+ {[%emt 0:00:29]} Ke6 {[%emt 0:01:20]} 37. f4 {[%emt 0:01:04]} b5 {[%emt 0:00:47]} 38. axb5 {[%emt 0:01:49]} axb5 {[%emt 0:00:05]} 39. Nf3 {[%emt 0:01:05]} Nc6 {[%emt 0:00:42]} 40. f5+ {[%emt 0:04:30]} 0-1

[Event "33rd ECCC Open 2017"]
[Site "Antalya"]
[Date "2017.10.09"]
[Round "2"]
[White "O'Connell, Gerard"]
[Black "Tari, Aryan"]
[Result "0-1"]
[WhiteElo "2150"]
[BlackElo "2578"]
[Annotator "TA"]
[PlyCount "86"]
[EventType "team-tourn"]
[EventCountry "TUR"]
[SourceTitle "playchess.com"]
[Source "ChessBase"]
[SourceQuality "1"]
[WhiteTeam "Benildus"]
[BlackTeam "Valerenga"]

{[%evp 17,86,0,0,0,0,-18,0,0,21,0,28,10,18,0,10,4,16,0,-13,-29,-26,-36,-32,-38,-31,-47,-11,-95,-51,-86,-87,-96,-93,-116,-120,-117,-118,-102,-85,-145,-142,-141,-156,-148,-89,-161,-83,-218,-203,-204,-200,-201,-197,-194,-186,-192,-179,-857,-407,-29969,-29959,-6325,-6303,-6303,-1049,-5422,-1049,-1049,-1049,-1049,-1012]} 1. d4 d5 2. c4 e6 3. Nc3 a6 4. cxd5 exd5 5. Nf3 Nf6 6. Bg5 {D37: Queen's Gambit Declined: 5 Bf4} Be6 7. e3 Nbd7 8. Be2 (8. Bd3 Bd6 9. O-O c6 10. Bf4 Qc7 11. Bxd6 Qxd6 12. h3 O-O 13. Qc2 a5 {½-½ (23) Matlakov,M (2728)-Andreikin,D (2706) Tbilisi 2017}) 8... Bd6 9. O-O O-O {LiveBook: 4 Games} 10. a3 $146 ({Predecessor:} 10. Rc1 c6 11. Qc2 Qc7 12. Bh4 h6 13. Bg3 Bxg3 14. hxg3 {½-½ (41) Kozak,A (2414)-Brkic,A (2565) Pardubice 2017}) 10... c6 11. Bh4 Qc7 12. Bg3 b5 13. Rc1 Ne4 14. Nxe4 dxe4 15. Nd2 f5 16. Qc2 Rac8 17. Bxd6 Qxd6 18. f3 exf3 19. Bxf3 c5 20. Qc3 Rfd8 21. Nb3 {[%cal Rb3c5]} c4 22. Nd2 (22. Na5 $1 $11) 22... Nb6 {White must now prevent ...Na4.} 23. Qa5 Na4 24. Rc2 Re8 25. Bb7 Rb8 26. Bf3 Bf7 27. Re1 Rbd8 28. Nxc4 (28. Re2 $142) 28... Bxc4 $17 29. Rxc4 bxc4 30. Qxa4 Qe6 ({Black should play} 30... f4 31. Qxc4+ Kh8) 31. d5 (31. Bc6 $17 Rf8 32. d5) 31... Qc8 (31... Qb6 $19 32. Qxc4 Rxe3 33. Rxe3 Qxe3+ 34. Kf1 g6) 32. Rc1 (32. Qa5 $17) 32... Rxe3 $19 33. Rxc4 Qb8 34. Qa5 Rde8 35. Qd2 Re1+ 36. Kf2 Rb1 $40 {[%mdl 128] Black wants a kill.} ({Worse is} 36... Qxh2 37. d6 $11) 37. Rc2 $2 (37. b4) 37... Qxh2 (37... Qb6+ $142 38. Kg3 f4+ $1 {[%mdl 512]} 39. Kxf4 Qd6+ 40. Kg4 Qxh2) 38. d6 (38. Rc1 $19 Qh4+ 39. g3) 38... Qh4+ 39. g3 Qh2+ {Black is clearly winning.} 40. Bg2 Qg1+ 41. Kf3 {[#]} Rf1+ $1 {[%mdl 512]} 42. Bxf1 Qxf1+ 43. Qf2 Qh1+ {Precision: White = 32%, Black = 53%.} 0-1

[Event "33rd ECCC Open 2017"]
[Site "Antalya"]
[Date "2017.10.09"]
[Round "2"]
[White "Ererdem, Gani Eren"]
[Black "Delaney, Killian"]
[Result "1-0"]
[WhiteElo "2136"]
[BlackElo "2202"]
[Annotator "NA"]
[PlyCount "59"]
[EventType "team-tourn"]
[EventCountry "TUR"]
[SourceTitle "playchess.com"]
[Source "ChessBase"]
[SourceQuality "1"]
[WhiteTeam "Karaman"]
[BlackTeam "Gonzaga"]
[TimeControl "40/5400+30:1800+30"]

1. e4 {[%emt 0:00:30]} c6 {[%emt 0:04:00]} 2. d4 {[%emt 0:00:30]} d5 {[%emt 0:00:00]} 3. Nd2 {[%emt 0:00:00]} dxe4 {[%emt 0:00:00]} 4. Nxe4 {[%emt 0:00:00]} Nd7 {[%emt 0:00:30]} 5. Ng5 {[%emt 0:00:00]} Ngf6 {[%emt 0:00:30]} 6. Bd3 {[%emt 0:00:00]} e6 {[%emt 0:00:00]} 7. N1f3 {[%emt 0:00:30]} Bd6 {[%emt 0:00:00]} 8. Qe2 {[%emt 0:00:30]} h6 {[%emt 0:00:30]} 9. Ne4 {[%emt 0:00:30]} Nxe4 {[%emt 0:00:30]} 10. Qxe4 {[%emt 0:00:30]} Nf6 {[%emt 0:00:00]} 11. Qe2 {[%emt 0:00:30]} Qc7 {[%emt 0:00:00]} 12. Bd2 {[%emt 0:00:00]} b6 {[%emt 0:00:00]} 13. Ne5 {[%emt 0:00:00] B17: Caro-Kann: Modern Line (4...Nd7)} c5 {[%emt 0:00:00]} 14. Bb5+ {[%emt 0:00:30]} Ke7 {[%emt 0:00:00] [#]} 15. Nc6+ $146 {[%emt 0:00:30]} ({Predecessor:} 15. c3 Bb7 16. O-O Rhd8 17. f4 Ne4 18. Be3 Kf8 19. Rae1 Kg8 20. Qg4 Nf6 {1-0 (36) Kamsky,G (2735)-Anand,V (2725) Dos Hermanas 1996}) 15... Kf8 {[%emt 0:00:00]} 16. dxc5 {[%emt 0:00:30]} Bxc5 {[%emt 0:00:30]} 17. Ne5 {[%emt 0:00:30]} Bb7 {[%emt 0:29:30]} 18. O-O-O {[%emt 0:01:30]} Bd5 {[%emt 0:02:30]} 19. Kb1 {[%emt 0:11:30]} a6 {[%emt 0:00:30]} 20. Bd3 {[%emt 0:00:30]} b5 {[%emt 0:00:30]} 21. f4 {[%emt 0:05:30]} Qb7 {[%emt 0:12:30]} 22. Be3 {[%emt 0:35:30]} Rc8 {[%emt 0:01:30]} 23. Bxc5+ {[%emt 0:03:30]} Rxc5 {[%emt 0:00:30]} 24. Rhe1 {[%emt 0:05:30]} h5 {[%emt 0:17:30]} 25. f5 {[%emt 0:05:30]} Ng4 {[%emt 0:05:30]} 26. Nxg4 $18 {[%emt 0:03:30]} hxg4 {[%emt 0:00:30]} 27. Qxg4 {[%emt 0:00:30]} Rxh2 {[%emt 0:03:30]} 28. fxe6 {[%emt 0:02:30]} Rxg2 {[%emt 0:00:00]} 29. e7+ {[%emt 0:02:30]} Qxe7 {[%emt 0:00:00]} 30. Qh3 {[%emt 0:00:00]} 1-0

[Event "33rd ECCC Open 2017"]
[Site "Antalya"]
[Date "2017.10.09"]
[Round "2"]
[White "Longson, Sarah N"]
[Black "Ingason, Sigurdur"]
[Result "1-0"]
[WhiteElo "2102"]
[BlackElo "1809"]
[Annotator "NA"]
[PlyCount "39"]
[EventType "team-tourn"]
[EventCountry "TUR"]
[SourceTitle "playchess.com"]
[Source "ChessBase"]
[SourceQuality "1"]
[WhiteTeam "3CS Oldham"]
[BlackTeam "Viking"]
[TimeControl "40/5400+30:1800+30"]

1. e4 {[%emt 0:00:30]} e5 {[%emt 0:01:00]} 2. Bc4 {[%emt 0:00:00]} Nf6 {[%emt 0:00:30]} 3. d3 {[%emt 0:00:00]} Nc6 {[%emt 0:03:30]} 4. Nf3 {[%emt 0:00:00]} Bc5 {[%emt 0:02:30]} 5. c3 {[%emt 0:00:00]} h6 {[%emt 0:04:30]} 6. Nbd2 {[%emt 0:05:30]} a6 {[%emt 0:05:30]} 7. Bb3 {[%emt 0:00:30]} O-O {[%emt 0:03:30]} 8. O-O {[%emt 0:01:30]} d5 {[%emt 0:02:30]} 9. exd5 {[%emt 0:04:30]} Nxd5 {[%emt 0:00:30]} 10. Ne4 {[%emt 0:01:30]} Ba7 {[%emt 0:01:30]} 11. Bxh6 {[%emt 0:06:30]} Nxc3 {[%emt 0:07:30]} 12. bxc3 {[%emt 0:01:30]} gxh6 {[%emt 0:00:00] [#]} 13. Nxe5 $16 {[%emt 0:14:30]} (13. Re1 $142 $1) 13... Nxe5 {[%emt 0:14:00]} 14. Qh5 {[%emt 0:00:30]} Ng4 {[%emt 0:02:30]} 15. h3 {[%emt 0:02:30]} Qxd3 {[%emt 0:02:30]} 16. Rae1 {[%emt 0:02:30]} Kg7 {[%emt 0:06:30]} 17. hxg4 {[%emt 0:04:30]} Be6 {[%emt 0:13:30]} 18. Qe5+ {[%emt 0:00:30]} Kh7 {[%emt 0:01:30]} 19. Nf6+ {[%emt 0:03:30]} Kg6 {[%emt 0:00:30]} 20. Nh5 {[%emt 0:00:30]} 1-0

[Event "33rd ECCC Open 2017"]
[Site "Antalya"]
[Date "2017.10.09"]
[Round "2"]
[White "Cirovic, Miroljub"]
[Black "Barp, Alberto"]
[Result "1-0"]
[WhiteElo "2095"]
[BlackElo "2277"]
[Annotator "NA"]
[PlyCount "83"]
[EventType "team-tourn"]
[EventCountry "TUR"]
[SourceTitle "playchess.com"]
[Source "ChessBase"]
[SourceQuality "1"]
[WhiteTeam "Elektroprivreda"]
[BlackTeam "Augusta Perusia"]
[TimeControl "40/5400+30:1800+30"]

1. d4 {[%emt 0:00:30]} d5 {[%emt 0:01:00]} 2. c4 {[%emt 0:00:30]} e6 {[%emt 0:00:00]} 3. Nf3 {[%emt 0:00:00]} c6 {[%emt 0:01:00]} 4. e3 {[%emt 0:01:00]} Nf6 {[%emt 0:00:00]} 5. b3 {[%emt 0:00:30]} Nbd7 {[%emt 0:01:00]} 6. Bd3 {[%emt 0:00:30]} Bd6 {[%emt 0:00:00]} 7. Bb2 {[%emt 0:00:30]} b6 {[%emt 0:01:00]} 8. Nbd2 {[%emt 0:02:30]} Bb7 {[%emt 0:00:30]} 9. O-O {[%emt 0:00:30]} O-O {[%emt 0:05:30]} 10. Qe2 {[%emt 0:03:30]} c5 {[%emt 0:04:30]} 11. e4 {[%emt 0:09:30] E14: Queen's Indian: Classical Variation (4 e3)} (11. Rad1 Ne4 12. cxd5 exd5 13. Ba6 Bxa6 14. Qxa6 Re8 15. dxc5 Ndxc5 16. Qe2 Rc8 17. Rc1 Bf8 18. Rfd1 Qe7 {½-½ (45) Radjabov,T (2710)-Ding,L (2773) Moscow 2017}) 11... Bc7 $146 {[%emt 0:36:30]} ({Predecessor:} 11... dxc4 12. Nxc4 Be7 13. Rfd1 Rc8 14. a4 Rc7 15. Bc2 Re8 16. Ng5 h6 17. e5 hxg5 18. exf6 Nxf6 19. dxc5 {½-½ (42) Semrl,M (2606)-Persson,C (2581) ICCF email 2012}) 12. cxd5 {[%emt 0:07:30]} exd5 {[%emt 0:00:30]} 13. e5 {[%emt 0:00:30]} Re8 {[%emt 0:00:30]} 14. Ng5 $2 {[%emt 0:04:30]} (14. Nh4 $14 {behält die Oberhand.}) 14... h6 {[%emt 0:08:30]} 15. Nh3 {[%emt 0:08:30]} cxd4 {[%emt 0:01:30]} 16. f4 {[%emt 0:00:00]} Nc5 {[%emt 0:01:30]} 17. Bb5 {[%emt 0:01:00]} Nfd7 {[%emt 0:10:30]} 18. b4 {[%emt 0:02:30]} a6 {[%emt 0:07:10]} 19. Bxd7 {[%emt 0:03:30]} Nxd7 {[%emt 0:02:22]} 20. Qg4 {[%emt 0:00:30]} Qe7 {[%emt 0:06:38]} (20... a5 $11) 21. Nb3 {[%emt 0:02:30]} f6 {[%emt 0:01:27]} 22. Nxd4 {[%emt 0:00:30]} fxe5 $16 {[%emt 0:01:49]} 23. Nf5 {[%emt 0:00:30]} Qf6 {[%emt 0:00:30]} 24. Rac1 {[%emt 0:01:30]} Bd6 {[%emt 0:02:02]} 25. Rce1 {[%emt 0:07:30]} Bc8 {[%emt 0:03:51]} 26. Nxd6 {[%emt 0:00:30]} Qxd6 {[%emt 0:00:36]} 27. fxe5 {[%emt 0:00:30]} Nxe5 {[%emt 0:00:51]} 28. Qg3 {[%emt 0:00:30]} Bxh3 {[%emt 0:00:51]} 29. Bxe5 {[%emt 0:00:00]} Rxe5 {[%emt 0:00:08]} 30. Qxe5 {[%emt 0:00:00]} Qxe5 {[%emt 0:00:20]} 31. Rxe5 {[%emt 0:00:30]} Bd7 {[%emt 0:00:25]} 32. Rxd5 {[%emt 0:00:30]} Be6 {[%emt 0:00:16]} 33. Rd6 {[%emt 0:00:30]} Bxa2 {[%emt 0:00:30]} 34. Rxb6 {[%emt 0:00:30]} Bc4 {[%emt 0:00:30]} 35. Rc1 {[%emt 0:00:30]} Bb5 {[%emt 0:00:30]} 36. Rc7 {[%emt 0:00:00]} Rf8 {[%emt 0:00:14]} 37. h3 {[%emt 0:00:00]} Rf1+ {[%emt 0:03:34]} 38. Kh2 {[%emt 0:00:00]} Rf4 {[%emt 0:00:00]} 39. Rbb7 {[%emt 0:00:00]} g5 {[%emt 0:00:42]} 40. Rc8+ {[%emt 0:00:30]} Rf8 {[%emt 0:00:14]} 41. Rxf8+ {[%emt 0:00:30]} Kxf8 {[%emt 0:00:30]} 42. Rh7 {[%emt 0:00:00]} 1-0

[Event "33rd ECCC Open 2017"]
[Site "Antalya"]
[Date "2017.10.12"]
[Round "2"]
[White "Palsson, Halldor"]
[Black "Walton, Alan J"]
[Result "1/2-1/2"]
[WhiteElo "2019"]
[BlackElo "2207"]
[Annotator "TA"]
[PlyCount "108"]
[EventType "team-tourn"]
[EventCountry "TUR"]
[WhiteTeam "Viking"]
[BlackTeam "3CS Oldham"]

{[%evp 10,108,10,10,28,21,23,20,23,22,39,18,19,14,28,28,52,25,42,22,43,34,62,37,56,9,45,0,119,112,126,58,166,-17,140,120,136,63,65,41,85,49,97,88,158,76,74,59,129,131,132,57,59,45,36,0,0,0,0,-32,0,-66,-49,-70,-51,-183,-167,-170,0,0,0,7,14,0,0,-21,-23,-50,0,0,178,154,187,192,518,504,472,291,237,225,346,54,119,24,24,0,0,0,24,0,0]} 1. b3 d5 2. Bb2 Nf6 3. e3 c5 4. Nf3 Nc6 5. Bb5 Bg4 6. h3 {LiveBook: 25 Games} Bd7 {A06: Réti Opening:1 Nf3 d5} (6... Bh5 7. g4 Bg6 8. Ne5 Qd6 9. f4 d4 10. Na3 Be4 11. O-O a6 12. Nac4 Qc7 13. Bxc6+ Bxc6 14. exd4 cxd4 15. Bxd4 {1-0 (26) Rapport,R (2698)-Gutman,L (2449) Deizisau 2014}) 7. O-O e6 8. d4 cxd4 $146 ({Predecessor:} 8... Bd6 9. c4 a6 10. dxc5 Bxc5 11. cxd5 exd5 12. Be2 Be6 13. Nc3 O-O 14. Rc1 {½-½ (43) Weiss,T-Koch,R Germany 1990}) 9. exd4 Bd6 10. Nbd2 O-O 11. Re1 Rc8 12. a3 a6 13. Bf1 Qc7 14. Bd3 Ne7 15. Ne5 Ng6 16. g3 Bc6 17. Rc1 Qe7 18. b4 Nd7 (18... Bb5 $11 {remains equal.}) 19. Nxc6 $16 Rxc6 20. h4 (20. c4 $16) 20... Re8 (20... b5 $14) 21. Nf3 $2 (21. c4 $18) 21... Qf6 $2 (21... b5 $11) 22. h5 Ngf8 23. Ne5 (23. c4 $16) 23... Bxe5 $14 24. dxe5 Qg5 25. Kg2 Rec8 26. Bd4 b5 {[#]} (26... h6 $142) 27. f4 ({White should play} 27. a4 $1 {[%mdl 512]}) 27... Qe7 $16 28. Qg4 f5 ({Better is} 28... Nb6 $14) 29. exf6 Nxf6 30. Qg5 (30. Qf3 $16) 30... h6 $1 $14 {[%cal Rh6g5]} 31. Qh4 Qf7 32. Re2 Nxh5 {Threatening ...Ng6.} 33. Rh1 Nf6 34. a4 (34. Bxf6 $5 Qxf6 35. Qxf6 gxf6 36. Rxh6 $11) 34... bxa4 35. Ra1 (35. Bxf6 $1 $11 Qxf6 36. Qxf6 gxf6 37. Ra1) 35... Ne4 $15 36. Rxa4 Ng6 (36... e5 $5 37. Bxe5 Ng6 $17) 37. Qg4 {[#]} (37. Qh3 $1 $15) 37... h5 $1 $19 {[%mdl 512]} 38. Qf3 {[#]} (38. Qxh5 Nxf4+) 38... h4 $2 (38... e5 $1 $19 {[%cal Re5d4][%mdl 512]} 39. Bxe5 Nxe5 40. fxe5 Qxf3+ 41. Kxf3 Nc3) 39. Rxe4 $11 dxe4 40. Qxe4 e5 41. Bxe5 h3+ 42. Kh2 {Threatens to win with Bd4.} Nxe5 43. fxe5 Rh6 44. Qe2 Kh8 $2 (44... Qh5 $11 45. Bc4+ Kh8 46. Qxh5 Rxh5) 45. Rxa6 $18 Rxa6 46. Bxa6 {[%mdl 4096] Endgame KQR-KQB} Rb8 $2 (46... Re8 47. Bd3 (47. Kxh3 Qf5+ 48. Kg2 Rxe5 $14) 47... g6) 47. Bc4 Qf5 48. Bd3 Qe6 49. b5 g6 (49... Rc8 {keeps fighting.} 50. Qh5+ Kg8) 50. Qe4 $2 ({Only move:} 50. Bc4 $18 Qc8 51. e6) 50... Rf8 $14 51. Qxg6 (51. Qd4 $16) 51... Rf2+ $11 52. Kh1 {[%csl Gd3][%cal Rg6h7]} Rf1+ $1 53. Kh2 {[%csl Gd3][%cal Rg6h7]} Rf2+ 54. Kh1 {[%csl Gd3][%cal Rg6h7]} Rf1+ $1 {Precision: White = 28%, Black = 29%.} 1/2-1/2